Les sports les plus pratiqués en France - Statistiques

Statistiques générales
  • Ce quiz a été pris 248 fois
  • Le résultat moyen est 9 sur 15
Statistiques - réponses
de licenciés sport % Correct
2130054 football
100%
1019597 tennis
94%
678482 basketball
90%
456086 handball
87%
303048 rugby
84%
379916 natation
80%
692400 équitation
73%
289311 athlétisme
70%
502002 judo
64%
287358 gymnastique
51%
441961 golf
50%
243432 karaté
50%
296877 pétanque
29%
316366 canoe kayak
13%
275374 plongée
2%
Aucun quiz correspondant
Distribution des résultats
% des personnes avec chaque résultat
Percentile par nombre de réponses
Votre historique - résultats
Vous n’avez pas pris ce quiz